Revue juridique de l'environment
Αποθηκεύτηκε σε:
| Συγγραφή απο Οργανισμό/Αρχή: | |
|---|---|
| Μορφή: | Περιοδική έκδοση |
| Γλώσσα: | French |
| Δημοσίευση: |
[Strasbourge] :
Centre de Droit de l'Environment,
c1977-
|
| Θέματα: | |
| Ετικέτες: |
Προσθήκη ετικέτας
Δεν υπάρχουν, Καταχωρήστε ετικέτα πρώτοι!
|
MARC
| LEADER | 00000nas a2200000 i 4500 | ||
|---|---|---|---|
| 001 | 1/45719 | ||
| 008 | 031128c19779999fr r r 0 |fre|| | ||
| 022 | |a 0397-0299 | ||
| 035 | |l 10071771 | ||
| 040 | |a GR-MY-UA |b gre |e aacr | ||
| 041 | 0 | |a fre | |
| 082 | 0 | |a 344.046 |2 (21) | |
| 245 | 1 | 0 | |a Revue juridique de l'environment |h [περιοδικό] / |c Societe Francaise pour le Droit de l'Environment. |
| 260 | |a [Strasbourge] : |b Centre de Droit de l'Environment, |c c1977- | ||
| 300 | |a v. ; |c 24 εκ. | ||
| 310 | |a Πέντε τεύχη το χρόνο | ||
| 500 | |a Publitee avec le councours du Centre National de la Recherche Scientifique. | ||
| 650 | 0 | 0 | |a Environmental law |x Periodicals. |
| 650 | 0 | 0 | |a Environmental law |z France |x Periodicals. |
| 710 | 2 | |a Societe Francaise pou le Droit de l'Environment. | |
| 853 | |a INST |b LESVOS |c SER |h 344.046 | ||
| 901 | |a BIBL1-2003-2 | ||
| 922 | |a 1ΕΛΗ |b 199501 |c ΤΑΚ/ΤΠ |d SWETS | ||
| 970 | |a ΤΖΑΦΕΡΗ |b ΕΥΑΓΓΕΛΙΑ |z 2003/11/28 | ||